Whitest Metropolitan Areas in The United States - Statistics

General Stats
  • This quiz has been taken 360 times
  • The average score is 9 of 15
Answer Stats
Hint Answer % Correct
75.6 Portland
84%
74.4 Boston
82%
78.0 Minneapolis
78%
74.8 Salt Lake City
75%
75.6 Columbus
64%
86.9 Pittsburgh
64%
74.1 Indianapolis
62%
73.5 Nashville
60%
73.8 Kansas City
59%
78.8 Buffalo
56%
81.5 Cincinnati
55%
78.5 Louisville
53%
78.8 Providence
44%
74.9 St. Louis
43%
77.1 Rochester
41%
No matching quizzes found
Score Distribution
Percent of People with Each Score
Percentile by Number Answered
Your Score History
You have not taken this quiz